000 00574cam a22001934a 4500
005 20250605163435.0
008 250528s ||||||||||||||||||||||||d
035 _a19284
020 _a582369673
040 _aGR-AtMCL
_bgre
_dGR-AtMCL
_eAACR2
245 1 _aA Glossary of Computing Terms / Ninth Edition
250 _a9th
260 _bLongman,
_c1998
300 _a374
520 _aIntroduction, How Computer Systems Are Used, What Computer Systems Are Made of, How Computer Systems Work, Appendices, Index.
942 _cBK
999 _c4547
_d4547